000 00705cab a2200253 4500
001 ABS60103
008 090401t1999 xxu||||| |||| 00| 0 eng d
035 _a(Sirsi) u91593
041 _aeng
100 _aMelvin, J.
245 _aOn the waterfront
260 _c1999
350 _a0
490 _aRIBA Journal
_v106(3) March 1999, 40-45(6)
520 _aCase study of Patrick Davies` new luxury hotel in Cardiff. Includes cost breakdown and plans.
650 _aBUILT ENVIRONMENT-BUILDING COSTS
650 _aCARDIFF
650 _aCASE STUDY
650 _aLUXURY HOTELS
650 _aPATRICK DAVIES
690 _aBUILDING AND CONSTRUCTION-PROJECTS
942 _n0
948 _c25/02/1999
999 _c58158
_d58158